000 01011cam a2200325 a 4500
001 1685812
003 OSt
005 20140310184338.0
008 990428s2000 nyu c 000 1 eng
010 _a 99027254
020 _a0439112036
040 _aDLC
_cDLC
_dDLC
042 _alcac
050 0 0 _aPZ 7
_b.M18995Dr 2000
100 1 _aMack, Tracy.
_924305
245 1 0 _aDrawing lessons /
_cTracy Mack.
250 _a1st ed.
260 _aNew York, NY :
_bScholastic Press,
_c2000.
300 _a168 p. ;
_c19 cm.
521 _aG4
526 _c650
650 1 _aFathers and daughters
_vFiction.
_924306
650 1 _aArtists
_vFiction.
_924307
650 1 _aDivorce
_vFiction.
_924308
906 _a7
_bcbc
_corignew
_d1
_eocip
_f19
_gy-gencatlg
942 _2lcc
_cBK-SCHOLAS
999 _c33780
_d33780